Normal view MARC view
  • MACHINE LEARNING-SVM AND OTHER KERNEL METHODS

Entry Topical Term

Number of records used in: 1

001 - CONTROL NUMBER

  • control field: 69124

003 - CONTROL NUMBER IDENTIFIER

  • control field: NUST

005 - DATE AND TIME OF LATEST TRANSACTION

  • control field: 20210628204157.0

008 - FIXED-LENGTH DATA ELEMENTS

  • fixed length control field: 210628|| aca||aabn | a|a d

040 ## - CATALOGING SOURCE

  • Original cataloging agency: NUST
  • Transcribing agency: NUST

150 ## - HEADING--TOPICAL TERM

  • Topical term or geographic name entry element: MACHINE LEARNING-SVM AND OTHER KERNEL METHODS

670 ## - SOURCE DATA FOUND

  • Source citation: Work cat.: (NUST): Soman, K.P, Loganathan, R, Ajay, V 69123, Machine learning with svm and other kernel methods, 2011
© 2023 Central Library, National University of Sciences and Technology. All Rights Reserved.